000 00697nam a2200289Ia 4500
005 20260324140227.0
008 008 260324s9999 xx 000 0 eng d
020 _a9780203165034
037 _aEBOOK
040 _aCRL
040 _beng
040 _cCRL
041 _2eng
041 _aeng
084 _qCRL
100 _aPaul Avis
_91203596
245 0 _aGod and the Creative Imagination
245 0 _bMetaphor, Symbol and Myth in Religion and Theology
260 _bTaylor and Francis
260 _c1999
365 _a
365 _b230
856 _uhttp://www.taylorfrancis.com/books/9780203165034
942 _cEBOOK
999 _c1805456
_d1805456